000 00782nam a2200229Ii 4500
003 JO-AjNU
008 230605s9999||||xx |||||||||||||| ||und||
017 _a2012/10404
020 _a978-99958-71-00-0
040 _aJO-AjNU
_bara
_erda
_cJO-AjNU
041 _aara
050 1 4 _aK840.2013
100 3 _aعلي، علي فيصل,
_eauthor
_953149
245 0 0 _aمبدأ حجية العقد : دراسة مقارنة
250 _aط1
264 3 1 _aمملكة البحرين : الخليج العربي للنشر،2013
300 _a275ص
_bيشتمل على مراجع ببلوغرافية ص (253-265)
336 _atext
_btxt
_2rdacontent
337 _aunmediated
_bn
_2rdamedia
338 _avolume
_bnc
_2rdacarrier
650 4 _aحجية العقد -- قانون
_953150
999 _aA23587
_c27155
_d27155